Fire on Azusa Street. (Record no. 14146)

000 -LEADER
fixed length control field 00944nam a2200253 a 4500
001 - CONTROL NUMBER
control field :::00011970$&:&@@
003 - CONTROL NUMBER IDENTIFIER
control field OkBaRHE
005 - DATE AND TIME OF LATEST TRANSACTION
control field 20110302113039.0
008 - FIXED-LENGTH DATA ELEMENTS--GENERAL INFORMATION
fixed length control field s1980 j 000 0 eng u
040 ## - CATALOGING SOURCE
Transcribing agency
100 1# - MAIN ENTRY--PERSONAL NAME
Personal name Valdez, A. C.
245 10 - TITLE STATEMENT
Title Fire on Azusa Street.
260 ## - PUBLICATION, DISTRIBUTION, ETC. (IMPRINT)
Place of publication, distribution, etc Costa Mesa, CA., :
Name of publisher, distributor, etc Gift Publications
Date of publication, distribution, etc c1980
300 ## - PHYSICAL DESCRIPTION
Extent 139 p. ;
Dimensions 22 cm.
650 ## - SUBJECT ADDED ENTRY--TOPICAL TERM
Topical term or geographic name as entry element Los Angeles (California)
General subdivision Church History
650 ## - SUBJECT ADDED ENTRY--TOPICAL TERM
Topical term or geographic name as entry element Pentecostalism
General subdivision History
650 ## - SUBJECT ADDED ENTRY--TOPICAL TERM
Topical term or geographic name as entry element Pentecostals
General subdivision United States
-- Biography
650 ## - SUBJECT ADDED ENTRY--TOPICAL TERM
Topical term or geographic name as entry element Revivals
General subdivision California
-- Los Angeles
650 ## - SUBJECT ADDED ENTRY--TOPICAL TERM
Topical term or geographic name as entry element Valdez, A. C.
700 ## - ADDED ENTRY--PERSONAL NAME
Personal name Scheer, James F.
942 ## - ADDED ENTRY ELEMENTS (KOHA)
Source of classification or shelving scheme
Koha item type Books
Copies
Damaged status Barcode Copy number Permanent Location Date acquired Current Location Source of classification or shelving scheme Date last seen Shelving location Total Checkouts Koha item type Total Renewals Not for loan Full call number Date checked out Withdrawn status Price effective from Lost status
 119701RHEMA Bible Training College2010-04-14RHEMA Bible Training College 2012-03-07General Stacks3Books  BX 8762 .Z8V3482012-02-28 2010-04-14 
 166082RHEMA Bible Training College2010-04-14RHEMA Bible Training College 2012-03-14General Stacks2Books1 BX 8762 .Z8V3482012-02-29 2010-04-14